000
00242nam a22001217a 4500
040
_c
SK
082
_a
494
100
_a
NGUYEN VANSO
245
_a
Agroforestry syllabus (DRAFT)
260
_a
VIETNAM
_b
NGU
_c
1997
300
_a
12p.
942
_c
EK
999
_c
9231
_d
9231